00524nam a2200157 i 450000100060000000300090000600500170001500700030003200800410003510000320007624501690010825000130027726000330029030000200032385200230034333095ES-MaACL20230906154708.0t|030201s1861 fr ||||1| fre d0 aBescherelle, Louis-Nicolas.10aMonument eleve a la gloire de la dangne et des lettres françaisesb: dictionnaire national on dictionnaire universel de la lengua française / cpar Bescherelle. a9eme ed. aParís : bGarniez, c1861. a4 v. ; c32 cm. aES-MaACLjG-5784-7